Nederlandse Atletiekhelden: Herken Jij Ze? (Makkelijk) - Statistieken

Algemene statistieken
  • Deze quiz is 10 keer genomen
  • De gemiddelde score is 19 van 51
Antwoordstatistieken
Foto Hint Antwoord % Correct
400m, 400m Horden Femke Bol
100%
200m, 400m Lieke Klaver
88%
100m, 200m Churandy Martina
75%
800m, 1500m, 5000m Sifan Hassan
75%
Meerkamp Anouk Vetter
63%
100m, 200m, Meerkamp Dafne Schippers
63%
400m Isaya Klein Ikkink
63%
Polsstokspringen Menno Vloon
63%
100m, 100m Horden, Meerkamp Nadine Visser
63%
800m, 1500m, 5000m Niels Laros
63%
Kogelstoten Jessica Schilder
50%
Kogelstoten, Discuswerpen Jorinde van Klinken
50%
400m Lie-marvin Bonevacia
50%
Polsstokspringen Elise de Jong
38%
Meerkamp Emma Oosterwegel
38%
Meerkamp, 100m Fanny Blankers-Koen
38%
400m Jonas Phijffers
38%
Meerkamp Nadine Broersen
38%
Meerkamp Sofie Dokter
38%
100m, 200m Taymir e Burnet
38%
Discuswerpen, Kogelstoten Alida van Daalen
25%
Hoogspringen Britt Weerman
25%
Kogelslingeren, Kogelstoten Denzel Comenentia
25%
Hoogspringen Douwe Amels
25%
Meerkamp Eelco Sintnicolaas
25%
100m Elvis Afrifa
25%
400m Eugene Omalla
25%
100m, 200m Jamile Samuel
25%
Kogelstoten, Discuswerpen Jarno van Daalen
25%
Meerkamp Jeff Tesselaar
25%
110m Horden Job Geerds
25%
110m Horden Koen Smet
25%
Polsstokspringen Marijn Kieft
25%
110m Horden Matthew Sophia
25%
1500m, 5000m Maureen Koster
25%
100m, 200m Minke Bisschops
25%
400m Horden Nick Smidt
25%
100m Nsikak Ekpo
25%
Verspringen Pauline Hondema
25%
400m Ramsey Angela
25%
100m Raphael Bouju
25%
Meerkamp Rik Taam
25%
800m Ryan Clarke
25%
800m, 1500m Samuel Chapple
25%
800m, 1500m, 5000m Stefan Nillessen
25%
Meerkamp Sven Jansons
25%
Meerkamp Sven Roosen
25%
110m Horden Timme Koster
25%
400m, 800m Tony van Diepen
25%
100m, 200m Xavi Joy Mo-Ajok
25%
Discuswerpen Shaquille Emanuelson
13%
Geen overeenkomende quizzen gevonden
Scoreverdeling
Procent van Mensen met Elke Score
Percentiel versus Aantal Correcte Antwoorden
Uw Scoregeschiedenis
U heeft deze quiz nog niet genomen